000 00334nam a22001457a 4500
003 OSt
005 20160727222355.0
008 160622b xxu||||| |||| 00| 0 eng d
040 _cTest
100 _9495
_aConger, L
245 _aThree Giant Stories
260 _aN.V Scholastic
_c1968
300 _aThree Giant Stories
942 _2ddc
_cBK
999 _c412
_d412